Statistics for Egyptian Gods, Goddesses, and other Entities

Click here to take the quiz!

General Stats

  • This quiz has been taken 482 times
  • The average score is 24 of 73

Answer Stats

#HintAnswer% Correct
53The Sun, also a creator deity whose chief cult center was based in Heliopolis "city of the Sun"Ra
89%
8Jackal-headed god of embalming and tomb care-taker who watches over the deadAnubis
88%
26Goddess of magical power and healing and later the wife of the ruler of the UnderworldIsis
87%
49God the Underworld, fertility, and agricultureOsiris
82%
25Falcon-headed god most notably being the god of the Sky, god of War, and god of ProtectionHorus
81%
62God of storms, the god of evil, desert, and patron of Upper EgyptSet
77%
4The hidden one, a local creator deity later married to Mut after rising in importanceAmun
76%
44A goddess, the primal waters from which all aroseNaunet
71%
16A goddess, protector of the pharaoh and a solar deity where the Sun could be seen shining in her eyes at nightBast
68%
59Goddess of destruction and death. Also personified an aspect of the Sun, a fiere protector of the pharoah, and a solar deitySekhmet
65%
69God ofthe moon, drawing, writing, geometry, wisdom, medicine, music, astronomy, and magic. Cult centered in KhemennuThoth
63%
22Among the oldest of Egyptian deities, often depicted as a cow. Was the golden calf of the Bible and was later goddess of love and musicHathor
61%
63Crocodile god of the NileSobek
61%
19God of the Earth and the first ruler of Egypt, and husband of NutGeb
60%
10Evil serpent of the Underworld, enemy of Ra, and Egyptian god of chaosApophis
55%
48Goddess of heaven and sky, mother of many deities in addition to the Sun, Moon, and starsNut
55%
51A creator deity, also God fo craftPtah
55%
34A goddess who personified the concepts of truth, justice, and orderMa'at
51%
18Dwarf demigod, associated with the protection of the household, particularly childbirth and entertainmentBes
49%
21God embodied by the Nile who represents life and fertilityHapi
45%
64Embodiement of wind or airShu
42%
12The sun disk that was later advanced by Amunhotep IV (Akhenaten) as representing a monotheistic deityAten
41%
31A lunar deity who was later considered an important god of healing. His name means "wanderer"Khonsu
39%
29The scarab beetle, the embodiment of the dawnKhepry
38%
14God of baboonsBabi
37%
41Represented in many forms, but usually male form, shown with an erect penis which he holds in his left handand an upheld right arm holding a flail. Later fused with other godsMin
37%
47Goddess of death, holder of the rattle, the SistrumNephthys
37%
67Goddess of pregnant women and protector at childbirthTaweret
36%
3Crocodile-headed devourer in DuatAmmit
35%
60Scorpion goddess, protectress, goddess of magicSerqet
34%
30A creator deity, god of the inundationKhnum
33%
45Goddess of war, then great mother goddess. The goddess of creation and weaving, said to weave all the world on her loomNeith
32%
43Mother, was originally the titile of the primordial waters of the cosmosMut
31%
68Goddess, embodiment of rain, dew, clouds, and wet weatherTefnut
31%
70Snake goddess of Lower Egypt, patron and protector of Egypt and the pharaoh, always shown on the crown of pharaohsWadjet
30%
13A creator deity and the setting Sun. An aspect of RaAtum
28%
46Protector of Egypt, royalty, and the pharoah; always seen on the front of pharoah's double crown with WadjetNekhbet
28%
11Was probably a fertility figure at first, he was later merged with another god and associated with a solar cult. In addition, he was a bullApis
23%
23Goddess of childbirth and fertility who breathed life into humans at birthHeget
23%
9The goddess of the Nile riverAnuket
22%
6A war godAnhur
20%
5Female aspect of the primordial aspect of air in the Ogdoad cosmogonyAmunet
18%
17Represented the cosmos and the essence of the soul (Ba)Bat
17%
20Goose godGengen-Wer
17%
61Goddess of writing, astronomy, astrology, architecture, and mathematicsSeshat
17%
2The god of the horizonAker
16%
32The personification of darkness that often took the form of a frog-headed godKuk
16%
33He who is true beside her. His cult was believed to have arrived during the New Kingdom era possibly from NubiaMaahes
16%
40An ancient god of war and nomad; represented strength, virility, and victoryMenthu
16%
55Goddess of nourishment and harvestRenenutet
14%
37Goddess of war, depicted as a lioness-goddessMenhit
13%
50She who tears, cult center at Beni HasanPakhet
13%
58God of deathSeker
13%
72Jackal god of Upper EgyptWepwawet
13%
1Ferryman to the UnderworldAken
12%
35She who runs swiftly, early deification of legal justiceMafdet
12%
57The Goddess who represented the flooding of the Nile River, ancient war, and huntingSatis
12%
71Fertility god and personification of the Mediterranean sea or lakes of the Nile deltaWadj-wer
12%
7Goddess of the seventeenth Nome of Upper EgyptAnput
11%
28Deification of embalming fluidKebechet
10%
38Goddess of the Valley of the KingsMeretseger
10%
39Goddess of childbirth, and creator of each person's Ka, a part of the soul, thereby associated with fateMeskhenet
10%
42The sacred bull of Heliopolis ,later associated with the Sun god as the offspring of the solar cow deityMnevis
10%
54God of both the sky and the Sun, thought to be the god of the rising SunRa-Horakhty
10%
56War God who was originally from SyriaReshep
10%
66Ancient Nature GodTatenen
10%
15The manifestation of the deification of Ka (power/life-force) of a particular war godBakha
9%
73A localized guardian goddessWosret
9%
24Represented by a pelican or a pelican-headed goddess. Was associated with safe passage in the Underworld, as well as symbolising protection against snakesHenet
7%
36A protector goddessMehit
7%
65Goddess of the ancient city on the border of southern Egypt at the Nile RiverSwenet
7%
27The great one who comes forth, the goddess who was called mother and grandmother of all of the deitiesIusaaset
6%
52The "Lord of the North Wind"Qebul
5%

Score Distribution

Percentile by Number Answered

Percent of People with Each Score

Your Score History

You have not taken this quiz